1017 1428 1583 1434 1848 1422 1097 1417 1083 1996 1518 1548 1646 1708 1103 1247 1271 1367 1238 1493 1656 1416 1530 1755 1998 1755 1033 1992 1174 1143 1989 1400 1065 1113 1568 1390 1521 1978 1639 1666 1482 1151 1723 1195 1844 1175 1729 1091 1343 1099 1811 1135 1295 1383 1845 1571 1469 1843 1866 1088 1376 1541 1840 1901 1837 1094 1489 1980 1341 1719 1412 1512 1012 1072 1393 1586 1425 1875 1759 1448 1775 1243 1771 1048 1586 1297 1057 1881 1164 1947 1114 1326 1659 1805 1978 1012 1795 1016 1478 BCNSPRNW ULIB Ver.6.0+V

เปลี่ยนเป็นภาษาไทย

Change to English
 แสดงรายละเอียดบรรณานุกรม
  กลับหน้าหลัก

Brief Record : Get Marc (ISO 2709) : E-mail record : QR code < ปิดหน้าต่าง
LEADER : 00000nam 2200000uu 4500
001    13399113186
003     ULIB
008    110627s2544||||th 000 0 tha d
020    97897447236
090    นว.^bร942ฮ ล.2 2544
100 0  โรว์ลิ่ง, เจ.เค.
245 00 แฮร์รี่ พอตเตอร์ กับห้องแห่งความลับ เล่ม 2/^cโรว์ลิ่ง, เจ.เค.
250    พิมพ์ครั้งที่ 8
260    กรุงเทพฯ :^bนานมีบุ๊คส์,^c2544
300    408 หน้า
710 1  นานมีบุ๊คส์
945    ^p0^l0^i014148
995    ทศพร
999 ^a ใช้งานได้ทุกระบบ
รายการนี้ยังไม่มีแท็ก
คุณยังไม่ได้ล็อกอิน คุณสามารถมีกิจกรรมร่วมกับเว็บไซต์ได้ แต่ต้องล็อกอินก่อน ::
  ล็อกอิน

รายการสื่อสารสนเทศ

ลำดับที่ ประเภท เลขเรียก/บาร์โค้ด สถานที่ สถานะ
- ไม่พบข้อมูล -

รายการใกล้เคียง
    ผู้แต่ง [โรว์ลิ่ง, เจ.เค.]

BibComment


ยังไม่เคยถูกคอมเมนท์

คอมเมนท์ทรัพยากรรายการนี้
  คอมเมนท์: แฮร์รี่ พอตเตอร์ ..


 Copyright 2026. Bcnsprnw @Library